000 00756nam a22002177a 4500
007 00
008 160620b xxu||||| |||| 00| 0 eng d
020 _a978-2-7462-1875-8
040 _aBUAC
_cBUC
041 _aFre.
100 _aLuzeaux, Dominique
245 _aSystèmes de systèmes :
_bconcepts et illustrations pratiques
_c/ ss. la dir. de Dominique Luzeaux, Jean - Réné Ruault
260 _aParis :
_bLavoisier,
_c2008
300 _a376 - XIIp.
_c24 cm.
440 _a(Informatique et systèmes d'information)
500 _aCompr. bibliogr. à la fin de chaque de chapitre du vol.
630 _aSciences Appliquées - Techniques
650 _aTélécommunications : systèmes
700 _aRuault, Jean - Réné
942 _cLIVR
999 _c54633
_d54633